000 00734cam a22002653a 4500
001 3044
003 PGUSA
005 20140828083025.0
008 041002s2004||||xxu|||||s|||||000 1 eng d
040 _aPGUSA
_beng
042 _adc
050 4 _aPR
100 1 _aHardy, Thomas,
_d1840-1928
245 1 0 _aDesperate Remedies
_h[electronic resource] /
_cThomas Hardy
260 _bProject Gutenberg,
_c2004
506 _aPublic domain in the USA.
516 _aElectronic text
653 _aWessex (England) -- Fiction
653 _aYoung women -- Fiction
653 _aLove stories
653 _aLady's maids -- Fiction
830 0 _aProject Gutenberg
_v3044
856 4 0 _uhttp://www.gutenberg.org/ebooks/3044
942 _cEB
999 _c232373
_d232373